Návrh metodického postupu pre účtovné zobrazenie tuzemského prenosu daňovej povinnosti v SR vo väzbe na jeho daňové aspekty bakalárska práca

Salvato in:
Dettagli Bibliografici
Autore principale: Janšák, Daniel
Ente Autore: Fakulta hospodárskej informatiky EU. Katedra účtovníctva a audítorstva
Altri autori: Vašeková, Miroslava, 1978-
Natura: Libro
Lingua:slovacco
Pubblicazione: Bratislava 2025
Tags: Aggiungi Tag
Nessun Tag, puoi essere il primo ad aggiungerne!!

MARC

LEADER 00000nbm a2200000 4500
001 0310514
005 20251204105156.3
041 0 |a slo 
044 |a SK 
245 1 0 |a Návrh metodického postupu pre účtovné zobrazenie tuzemského prenosu daňovej povinnosti v SR vo väzbe na jeho daňové aspekty  |b bakalárska práca  |c Daniel Janšák ; školiteľ: Miroslava Vašeková 
264 1 |a Bratislava  |c 2025 
300 |a 48 s. 
100 1 |a Janšák, Daniel 
700 1 |a Vašeková, Miroslava, 1978- 
710 2 |a Fakulta hospodárskej informatiky EU. Katedra účtovníctva a audítorstva